书目信息 |
| 题名: |
中国与世界
|
|
| 作者: | 费思櫅 , Fitz Gerald 著 ;郑强 译 | |
| 分册: | ||
| 出版信息: | 北京 商务印书馆 1980 |
|
| 页数: | 100页 | |
| 开本: | 19cm | |
| 丛书名: | ||
| 单 册: | ||
| 中图分类: | D822.3 | |
| 科图分类: | ||
| 主题词: | 中外关系--研究 | |
| 电子资源: | ||
| ISBN: | ||
| 000 | 00774nam0 2200277 45 | |
| 001 | 0180007947 | |
| 005 | 20060801084401.85 | |
| 010 | @dCNY0.29 | |
| 091 | @aCN@b3017.277 | |
| 100 | @a19950612d1980 emky0chiy0121 ea | |
| 101 | 1 | @achi@ceng |
| 102 | @aCN@b110000 | |
| 105 | @ay z 000yy | |
| 200 | 10 | @a中国与世界@Azhong guo yu shi jie@f(澳)费思櫅(G.Fitz Gerald)著@g郑强译 |
| 210 | @a北京@c商务印书馆@d1980 | |
| 215 | @a100页@d19cm | |
| 300 | @a书名原文:China and the world | |
| 510 | 1 | @aChina and the world@zeng |
| 606 | @a中外关系@x研究 | |
| 690 | @aD822.3@v3 | |
| 701 | 1 | @a费思櫅@Afei si fen@4著 |
| 701 | A1 | @aFitz Gerald@bG.@4著 |
| 702 | 0 | @a郑强@Azheng qiang@4译 |
| 801 | 0 | @aCN@bTSSF@c20060801 |
| 801 | 2 | @aCN@bNLC@c20060725 |
| 905 | @a10447@dD822.3@e82 | |
| 中国与世界/(澳)费思櫅(G.Fitz Gerald)著/郑强译.-北京:商务印书馆,1980 |
| 100页;19cm |
| 书名原文:China and the world |
| ISBN :CNY0.29 |
| ● |
| 相关链接 |
|
|
|
|
正题名:中国与世界
索取号:D822.3/82
 
预约/预借
| 序号 | 登录号 | 条形码 | 馆藏地/架位号 | 状态 | 备注 |
| 1 | 0426004 | 204260049 | 密集书库/ [索取号:D822.3/82] | 在馆 | |
| 2 | 0441098 | 204410985 | 密集书库/ [索取号:D822.3/82] | 在馆 |